00422cam a2200169ua 45000010005000000080039000050400009000440410008000530820011000611000031000722450061001032500009001642600036001733000009002096530016002186530018002347366141208n ii |||gr||||Z||||||ben cMAIN aben a782.42 aChoudhury, I. D.,eAuthor.1 aRabindrasangiter TribenisangamcBy Indira Devi Choudhury a1st. aKolkatta:bBiswabharati,c1969. a33p. aVocal music aBengali songs